000 005560000a22001810004500
020 _a0-8010-2219-3
041 0 _aENG
082 0 4 _aG 261.22 H4651u
100 1 _aHiebert, Paul G. (1932- )
245 1 0 _aUnderstanding folk religion : A christian response to popular belifs and practices / Paul G. Hiebert, R. Daniel Shaw, Tite Tiénou
260 _aGrand Rapids, MI., USA : Baker
300 _a412 Pag
001 6767
942 _cBK
999 _c37032
_d37032
336 _atexto
_btxt
_2rdacontent
337 _2rdamedia
_asin mediación
_bn
338 _2rdacarrier
_avolumen
_bnc